| 000 | 00531cam a22001932a 4500 | ||
|---|---|---|---|
| 001 | 000627 | ||
| 003 | AR-FADEU | ||
| 008 | 311216n1993####xxu####################dd | ||
| 092 |
_a301.21 _bG251 |
||
| 100 | _aGassmann, Carlos Eduardo | ||
| 245 | _aCorrientes del análisis del discurso en la Argentina | ||
| 260 | _aLa Plata | ||
| 260 | _bIICS | ||
| 260 | _c1993 | ||
| 300 | _a108 p | ||
| 440 |
_aInvestigación _n9 |
||
| 650 | _a/COMUNICACION/SEMIOTICA; SISTEMAS SEMIOTICOS; ANALISIS DEL DISCURSO/REVISADO/ | ||
| 942 | _cBDGR | ||
| 999 |
_c6468 _d6468 |
||